Normal view MARC view

Entry Personal Name

Number of records used in: 8

001 - CONTROL NUMBER

  • control field: 160872

003 - CONTROL NUMBER IDENTIFIER

  • control field: OSt

005 - DATE AND TIME OF LATEST TRANSACTION

  • control field: 20220923211600.0

008 - FIXED-LENGTH DATA ELEMENTS

  • fixed length control field: 220923|| aca||aabn | a|a d

040 ## - CATALOGING SOURCE

  • Original cataloging agency: OSt
  • Transcribing agency: OSt

100 ## - HEADING--PERSONAL NAME

  • Personal name: त्रिपाठी, आनन्दप्रकाश, संपा

670 ## - SOURCE DATA FOUND

  • Source citation: Work cat.: (OSt)301016: त्रिपाठी, आनन्दप्रकाश, संपा., संस्कृत काव्यशास्त्र, 2019
Copyright @ Delhi University Library System